Statistics for All 1M Cities Starting with “Q” to Country

Click here to take the quiz!

General Stats

  • This quiz has been taken 138 times
  • The average score is 7 of 8

Answer Stats

CityCountry% Correct
QingdaoChina
100%
QingyuanChina
100%
QinhuangdaoChina
100%
QiqiharChina
100%
QuitoEcuador
96%
QuerétaroMexico
85%
QomIran
84%
QuettaPakistan
68%

Score Distribution

Percentile by Number Answered

Percent of People with Each Score

Your Score History

You have not taken this quiz